Responses for Show #7108 - Wednesday, July 8, 2015

Contestants

[<< previous game]

Jenny Thorngate, a chemist from Madison, Wisconsin

Ian Borland, a professor from Baltimore, Maryland

Sawyer Morgan, an engineering student originally from Fishers, Indiana (whose 1-day cash winnings total $11,590)

[next game >>]

Jeopardy! Round responses

FEWER THAN A THOUSAND ISLANDS
TRIPLE HOMOPHONES
PLAYING THE INTERNAL ORGAN
IT SHOULDA BEEN A CONTENDER
(Alex: Films that didn't get an Academy Award Best Picture nomination.)
MATERIAL
WITNESS
    $200 11
the Shetlands

Sawyer
    $200 3
cent/scent/sent

Ian
    $200 21
the kidneys

Sawyer
    $200 17
(Alex: Fay Wray was the gal.)

King Kong

Sawyer
    $200 1
wool

Sawyer
    $200 7
Clarence Darrow

Sawyer
    $400 12
Staten Island

Ian
    $400 19
weigh/way/whey

Sawyer
    $400 8
the gallbladder

Ian
    $400 2
(Sawyer: What is clay?)
(Ian: What is terra-cotta?)

brick

SawyerIan
Triple Stumper
    $2,400 18
(Alex: Yes, that's it. Good memory. Even though you were not born.)

Three Mile Island

Sawyer
    $600 20
veil/vale/Vail

Jenny
    $600 6
(Sawyer: What is the spleen?)

the liver

SawyerJenny
    $600 25
The Big Sleep

Ian
    $600 22
(Alex: Less than a minute to go now.)

cellophane (or glass)

Ian
    $800 13
Ithaca

Sawyer
    $800 9
reign/rein/rain

Sawyer
    $800 4
the pancreas

Ian
    $800 23
Dreamgirls

Ian
    $800 15
mother-of-pearl

Triple Stumper
    $800 26
(Ian: Who is Lee Harvey Oswald?)
[The end-of-round signal sounds.]

Jack Ruby

SawyerIan
    $1000 14
Midway

Ian
    $1000 10
sight/site/cite

Triple Stumper
    $1000 5
the stomach

Sawyer
    $1000 24
The Searchers

Triple Stumper
    $1000 16
bone

Jenny

Scores at the first commercial break (after clue 15):

Sawyer Ian Jenny
$2,200 $2,400 $600

Scores at the end of the Jeopardy! Round:

Sawyer Ian Jenny
$6,200 $3,600 $2,200

Double Jeopardy! Round responses

STARTS & ENDS WITH DIFFERENT VOWELS
AN AGATHA CHRISTIE MYSTERY
SHADOW PLAY
FIGHT OR FLIGHT
NAME-DROPPING SONG LYRICS
THE GREAT EXHIBITION OF 1851
    $400 11
acute

Sawyer
    $400 1
Miss Marple

Jenny
    $400 3
Rolls-Royce

Ian
    $400 17
the Wright Brothers

Sawyer
    $400 7
Joe DiMaggio

Ian
    $400 22
an elephant

Sawyer
    $800 12
obtuse

Sawyer
    $800 2
(Ian: What is Murder on the Orient Express?)
...
(Alex: Abu Simbel is in Egypt, so it's [*].)

Death on the Nile

Ian
Triple Stumper
    $800 14
the shadow of death

Jenny
    $800 15
the Spanish Armada

Sawyer
    $3,000 30
Britney Spears

Jenny
    $800 23
a diamond

Ian
    $1200 13
ursine

Jenny
    $1200 28
The Mousetrap

Jenny
    $1200 27
the circumference of the Earth

Sawyer
    $1200 16
the Hessians

Sawyer
    $1200 26
(Alex: Less than a minute to go now.)

Billy Joel

Ian
    $1200 5
Mathew Brady

Ian
    $1600 18
Esperanto

Sawyer
    $1,600 25
(Alex: Yes, you see, if you waited long enough, you'd get to say it again.)

Murder on the Orient Express

Ian
    $1600 8
cloud

Triple Stumper
    $1600 9
the Battle of Tippecanoe

Sawyer
    $1600 20
Ludacris

Triple Stumper
    $1600 4
(Sawyer: What is a camera?)

a fax machine

Sawyer
Triple Stumper
    $2000 19
akimbo

Ian
    $2000 29
Curtain (curtains accepted)

Jenny
    $2000 24
John Millington Synge

Triple Stumper
    $2000 10
(Sawyer: Who is Charles Lindbergh?)
...
(Alex: Who is "Wrong Way" [*]?)

Corrigan

Sawyer
Triple Stumper
    $2000 21
"Jump Around"

Jenny
    $2000 6
the Crystal Palace

Jenny

Scores at the end of the Double Jeopardy! Round:

Sawyer Ian Jenny
$11,000 $10,400 $14,800

[wagering suggestions for these scores]

Final Jeopardy! Round responses

THE THOMAS JEFFERSON ADMINISTRATION
IanWhat was the Louisiana Purchase?
$10,400
SawyerWhat is the Louisiana Purchase
$10,900
JennyWhat is the Louisiana Purchase
$7,201
the Louisiana Purchase

Final scores:

Sawyer Ian Jenny
$21,900 $20,800 $22,001
2nd place: $2,000 3rd place: $1,000 New champion: $22,001

Game dynamics:

Coryat scores:

Sawyer Ian Jenny
$9,200 $10,400 $12,600
20 R
(including 1 DD),
4 W
15 R
(including 1 DD),
3 W
11 R
(including 1 DD),
0 W

Combined Coryat: $32,200

[game clues] [game scores] [suggest correction]

Game tape date: Unknown
The J! Archive is created by fans, for fans. Scraping, republication, monetization, and malicious use prohibited; this site may use cookies and collect identifying information. See terms. The Jeopardy! game show and all elements thereof, including but not limited to copyright and trademark thereto, are the property of Jeopardy Productions, Inc. and are protected under law. This website is not affiliated with, sponsored by, or operated by Jeopardy Productions, Inc. Join the discussion at JBoard.tv.